000 00726nam a2200253Ia 4500
003 OSt
005 20221005035505.0
006 a|||||r|||| 00| 0
007 ta
008 221004b |||||||| |||| 00| 0 urd d
020 _a8189461550 (hbk)
_c650
024 _a16955
037 _b4351, 18/12/2014, Kitabi Duniya
_cTextual
040 _aCRL
_cCRL
_burd
041 _2urd
_aurd
082 _aP168:331, Q1
100 _aWajid J.A. Au.
245 0 _aFarhang e adabiyat e Urdu
260 _aDelhi
_bKitabi Duniya India
_c2011
300 _a661p.
_ccm.
650 _aURDU LANGUAGE
942 _hP168:331, Q1
_cTEXL
_2cc
999 _c945238
_d945238